| 000 | 00356nam a2200145 i 4500 | ||
|---|---|---|---|
| 001 | 58878 | ||
| 003 | ES-MaACL | ||
| 005 | 20230906163917.0 | ||
| 007 | t| | ||
| 008 | 031024s1970 sp ||||1| eng d | ||
| 245 | 0 | 0 | _aElementary short stories. |
| 260 |
_aMadrid : _bAgarthis, _c[1970] |
||
| 300 |
_a95 p. ; _c19 cm. |
||
| 852 |
_aES-MaACL _jC-49636 _bR.74816 |
||
| 999 |
_c58878 _d58878 |
||